01695nam a2200193 a 4500090001600000041000800016100003000024245015300054260005300207300001000260520102800270650002201298650001801320650004001338650003201378650003801410662003801448999001501486 aIAVHb00632 aspa aFagua, José Camilo9604 aCaracterización y diseño de un plan de monitoreo para una población de Aniba perutitilis Hemsley (Lauraceae), en el cañón del río Barbas aBogotábInstituto Alexander von Humboldtc2005 a66 p. aEn la primera parte se realizó un esbozo sobe como se realizó la selección de la población de estudio de A. perutilis. Se estudió la importancia que tiene la topografía en la distribución de A. perutilis considerando que muchos de los relictos de bosque de la cordillera andina de Colombia, se conservan gracias a sus escarpados relieves. Al final se explica el plan de monitoreo de la especie en cuatro fragmentos de bosque muy húmedo premontano de la región cafetera de Colombia, basado en lo que sería un estudio de dinámica poblacional empleando matrices de proyección. Se destaca un estudio de caso en el cañón del río Barbas, en el que se presentan los lugares donde deberían ubicarse las parcelas de observación para un monitoreo. Se muestra cómo se calculó el tamaño mínimo de las parcelas y se describe el seguimiento que se deba hacer en campo. Además se explican teóricamente los estadísticos poblacionales que se pueden calcular para monitorear a Aniba perutilis. aTopografía9605 aMonitoreo955 aBosque muy húmedo premontano9607 aDinámica poblacional9608 aEstadística de poblaciones9609 aColombiacRío BarbasbRisaralda c6137d6137